Để dạy tốt văn học Việt Nam lớp 12 Sách bồi dưỡng giáo viên PTTH
Enregistré dans:
| Auteur principal: | |
|---|---|
| Autres auteurs: | |
| Format: | Livre |
| Langue: | Undetermined |
| Publié: |
H.
Giáo dục
1996
|
| Sujets: | |
| Accès en ligne: | http://lrc.tdmu.edu.vn/opac/search/detail.asp?aID=2&ID=6419 |
| Tags: |
Ajouter un tag
Pas de tags, Soyez le premier à ajouter un tag!
|
| Thư viện lưu trữ: | Trung tâm Học liệu Trường Đại học Thủ Dầu Một |
|---|
| LEADER | 00748nam a2200217Ia 4500 | ||
|---|---|---|---|
| 001 | TDMU_6419 | ||
| 008 | 210410s9999 xx 000 0 und d | ||
| 082 | |a 895.922071 | ||
| 090 | |b NG527 | ||
| 100 | |a Nguyễn, Đăng Mạnh | ||
| 245 | 0 | |a Để dạy tốt văn học Việt Nam lớp 12 | |
| 245 | 0 | |b Sách bồi dưỡng giáo viên PTTH | |
| 245 | 0 | |c Nguyễn Đăng Mạnh | |
| 260 | |a H. | ||
| 260 | |b Giáo dục | ||
| 260 | |c 1996 | ||
| 300 | |a 232tr. | ||
| 650 | |a Văn học Việt Nam; Phương pháp dạy văn học | ||
| 700 | |a Nguyễn, Văn Long | ||
| 856 | |u http://lrc.tdmu.edu.vn/opac/search/detail.asp?aID=2&ID=6419 | ||
| 980 | |a Trung tâm Học liệu Trường Đại học Thủ Dầu Một | ||